000 00716nam a22002417a 4500
005 20170124105935.0
010 _aA-435874
020 _c00.00
_a8185182396
035 _aA-435874
037 _bCen Lib/Ret
040 _aDPL
_bEN
082 _a301.153
_bBHA
100 _aBharathi, K. S.
_99512
245 _aSatyagraha of Mahatma Gandhi /
_cby K. S. Bharathi
246 _b
260 _bIndus
_c1990
_aNew Delhi
270 _bNew Delhi
_aFS-5, Tagore Garden
_e110027
300 _a219p.
_c22cm(Hb)
500 _aIncludes bibliographical references and index
650 _aPassive resistance
_99513
650 _aGandhi, -- Mahatma, -- 1869-1948
_99514
942 _2ddc
_cEN
_h301.153
_mBHA
999 _c124140
_d124140